| 000 -LEADER |
| fixed length control field |
00328nam a2200121 4500 |
| 003 - CONTROL NUMBER IDENTIFIER |
| control field |
OSt |
| 005 - DATE AND TIME OF LATEST TRANSACTION |
| control field |
20241210130907.0 |
| 008 - FIXED-LENGTH DATA ELEMENTS--GENERAL INFORMATION |
| fixed length control field |
241210b ||||| |||| 00| 0 eng d |
| 245 ## - TITLE STATEMENT |
| Title |
The Politics of architecture a perspective on nelson a Rockefeller |
| 260 ## - PUBLICATION, DISTRIBUTION, ETC. (IMPRINT) |
| Place of publication, distribution, etc |
New York |
| Name of publisher, distributor, etc |
The Routledge press |
| 300 ## - PHYSICAL DESCRIPTION |
| Extent |
255p., |
| 942 ## - ADDED ENTRY ELEMENTS (KOHA) |
| Source of classification or shelving scheme |
|